00418nam a2200133 a 450000100100000000500170001000800410002704000250006808200150009310000290010824500660013726000450020330000360024800003362920200930070410.0110902s1898 fr ac 000 0 fre d aDO-SdBNPbspacBNPHU axxxbH184v1 aDʻ Hallencourt, Charles10aVie illustree de Christophe Colomb /cCharles DʻHallencourt. aAbbeville, France :bC. Paillart,c1898. a240 p. :bil., retrs. ;c24 cm.